Score 0/18 Timer 02:00
2 Plays Today
Hint 4-Letter Word % Correct
Yogi, Boo-Boo, Smokey, etc.BEAR
99%
Food associated with BostonBEAN
98.3%
# Ale, stout, pilsner, IPA, etc. #BEER
98.1%
Average, perhapsMEAN
96.8%
Not in the presentPAST
94.6%
Water around a castleMOAT
94.5%
Winter jacketCOAT
94.4%
Make a complaining soundMOAN
93.9%
Score above sixty?PASS
93.6%
Hint 4-Letter Word % Correct
# 'Blue ___,' lunar brand of [First Rung] #MOON
92.8%
All but a fewMOST
92.4%
Sail support on a shipMAST
92.4%
Metallic color of a Dos Equis labelGOLD
91.2%
# Best temperature for [First Rung] #COLD
90.7%
Glinda the ___ WitchGOOD
90.5%
Young male horseCOLT
90.3%
State of mindMOOD
87.9%
# Fishy brand of [First Rung] from the UK #BASS
50.3%

Today's Daily Dose

Missing Word
I Hardly Know Her!

Word Ladder
Sentence Ending

Quick Pick
Female Firsts

Get the Picture
Triathlon Sports

Remove Ads.
Support Sporcle.
Get the best of Sporcle when you Go Orange. This ad-free experience offers more features, more stats, and more fun while also helping to support Sporcle. Thank you for becoming a member.

You're not logged in!

Compare scores with friends on all Sporcle quizzes.
OR
Log In

Show Comments

Extras

Top Quizzes Today


Score Distribution

Your Account Isn't Verified!

In order to create a playlist on Sporcle, you need to verify the email address you used during registration. Go to your Sporcle Settings to finish the process.

Report this User

Report this user for behavior that violates our Community Guidelines.

Details: